लालन भरे ललना (Record no. 287684)

MARC details
000 -LEADER
fixed length control field 00527nam a2200169Ia 4500
008 - FIXED-LENGTH DATA ELEMENTS--GENERAL INFORMATION
fixed length control field 090711s9999 xx 000 0 und d
082 ## - DEWEY DECIMAL CLASSIFICATION NUMBER
Item number 37185
100 ## - MAIN ENTRY--PERSONAL NAME
Personal name लाटे दिनानाथ ना.
245 ## - TITLE STATEMENT
Title लालन भरे ललना
260 ## - PUBLICATION, DISTRIBUTION, ETC. (IMPRINT)
Date of publication, distribution, etc 1977
300 ## - PHYSICAL DESCRIPTION
Extent 303
600 ## - SUBJECT ADDED ENTRY--PERSONAL NAME
Personal name लाटे दिनानाथ ना.
630 ## - SUBJECT ADDED ENTRY--UNIFORM TITLE
Uniform title लालन भरे ललना
700 ## - ADDED ENTRY--PERSONAL NAME
Personal name लाटे दिनानाथ ना.
730 ## - ADDED ENTRY--UNIFORM TITLE
Uniform title लालन भरे ललना
942 ## - ADDED ENTRY ELEMENTS (KOHA)
Koha item type Book
Holdings
Withdrawn status Lost status Damaged status Not for loan Home library Current library Date acquired Cost, normal purchase price Total Checkouts Full call number Barcode Date last seen Cost, replacement price Price effective from Koha item type
        Dadar Sarvajanik Vachanalaya, Dardar Dadar Sarvajanik Vachanalaya, Dardar 07/11/2009 18.00   37185 DASAVA-37185 07/11/2009 18.00 07/11/2009 Book